000 00251nam a2200097Ia 4500
001 645981
005 20250826153634.0
008 250824s9999 xx 000 0 und d
245 0 _aKARA GÜNEŞ
_cBAHADIR YENİŞEHİRLİOĞLU
260 _bTİMAŞ YAYINLARI
999 _c645981
_d645981